Zdroje financovania investícií podnikov v Slovenskej republike v porovnaní s krajinami OECD

Analýza a zdôvodnenie štruktúry financovania nových investícií v podnikoch SR. Porovnanie s priemerom vybraných krajín OECD. Formulácia vhodných opatrení na stimuláciu investícií a zlepšenie podmienok ich financovania.

Gespeichert in:
Bibliographische Detailangaben
1. Verfasser: Sivák, Rudolf, 1955-
Weitere Verfasser: Mikócziová, Jana
Format: Buchkapitel
Sprache:Slowakisch
Schlagworte:
Tags: Tag hinzufügen
Keine Tags, Fügen Sie das erste Tag hinzu!

MARC

LEADER 00000naa$a2200000$$$4500
001 0110923
005 20240711085317.5
041 0 |a slo 
044 |a SK 
245 1 0 |a Zdroje financovania investícií podnikov v Slovenskej republike v porovnaní s krajinami OECD  |c Rudolf Sivák, Jana Mikócziová 
520 |a Analýza a zdôvodnenie štruktúry financovania nových investícií v podnikoch SR. Porovnanie s priemerom vybraných krajín OECD. Formulácia vhodných opatrení na stimuláciu investícií a zlepšenie podmienok ich financovania. 
610 2 0 |a Slovensko 
610 2 0 |a podnik 
610 2 0 |a porovnanie medzinárodné 
610 2 0 |a OECD 
610 2 0 |a financovanie investícií 
610 2 0 |a podnikanie 
100 1 |a Sivák, Rudolf, 1955- 
700 1 |a Mikócziová, Jana